Vente directe & circuits courts vins et produits fermiers
Na minha lista:
| Autor principal: | |
|---|---|
| Formato: | Livro |
| Idioma: | francês |
| Publicado em: |
Paris
Guides France Agricole
2010
|
| Colecção: | Diversification
|
| Assuntos: | |
| Tags: |
Sem tags, seja o primeiro a adicionar uma tag!
|
MARC
| LEADER | 00000nam a2200000 4500 | ||
|---|---|---|---|
| 001 | 0146933 | ||
| 005 | 20231215113625.4 | ||
| 020 | |a 978-285557-174-4 | ||
| 041 | 0 | |a fre | |
| 044 | |a FR | ||
| 245 | 1 | 0 | |a Vente directe & circuits courts |b vins et produits fermiers |c Francois Moinet |
| 264 | 1 | |a Paris |b Guides France Agricole |c 2010 | |
| 300 | |a 404 s. | ||
| 490 | 1 | |a Diversification | |
| 830 | 0 | |a Diversification | |
| 610 | 2 | 0 | |a predaj priamy |
| 610 | 2 | 0 | |a potraviny |
| 610 | 2 | 0 | |a víno |
| 610 | 2 | 0 | |a produkty |
| 610 | 2 | 0 | |a výrobky poľnohospodárske |
| 610 | 2 | 0 | |a trh |
| 610 | 2 | 0 | |a spotreba |
| 610 | 2 | 0 | |a farmy |
| 610 | 2 | 0 | |a agroturistika |
| 100 | 1 | |a Moinet, Francois | |